Normal view
MARC view
- Dexter, Robert J.
Entry Personal Name
001 - CONTROL NUMBER
- control field: 23405
003 - CONTROL NUMBER IDENTIFIER
- control field: NUST
005 - DATE AND TIME OF LATEST TRANSACTION
- control field: 20191009121444.0
008 - FIXED-LENGTH DATA ELEMENTS
- fixed length control field: 191009|| aca||aabn | a|a d
040 ## - CATALOGING SOURCE
- Original cataloging agency: NUST
- Transcribing agency: NUST
100 ## - HEADING--PERSONAL NAME
- Personal name: Dexter, Robert J.
- Fuller form of name: (Robert Joseph),
- Dates associated with a name: 1956-
670 ## - SOURCE DATA FOUND
- Source citation: Work cat.: (NUST)0: Conner, Robert J. 23403, Inspection and management of bridges with fracture-critical details :, 2005.
